Central Library OPAC University of Rajshahi

বাংলা ভাষার উপনিবেশায়ন ও রবীন্দ্রনাথ / (Record no. 40180)

MARC details
000 -LEADER
fixed length control field 01003nam a2200253 a 4500
001 - CONTROL NUMBER
control field 40180
003 - CONTROL NUMBER IDENTIFIER
rucl marc code BD-RjUL
005 - DATE AND TIME OF LATEST TRANSACTION
control field 20211209053144.0
008 - FIXED-LENGTH DATA ELEMENTS--GENERAL INFORMATION
fixed length control field 160423s2014 bg ||||| i||| 00| 0 ben d
020 ## - INTERNATIONAL STANDARD BOOK NUMBER
International Standard Book Number 9789848875841
Terms of availability : TK. 800.00
035 ## - SYSTEM CONTROL NUMBER
System control number (BD-RjUL)40295
040 ## - CATALOGING SOURCE
Original cataloging agency BD-RjUL
Language of cataloging ben
Transcribing agency BD-RjUL
041 ## - LANGUAGE CODE
Language code of text/sound track or separate title ben
082 ## - DEWEY DECIMAL CLASSIFICATION NUMBER
Edition number 23
Classification number 891.448409
Author mark and year AZB 2014
100 ## - MAIN ENTRY--PERSONAL NAME
Personal name আজম, মোহাম্মদ
9 (RLIN) 123698
245 ## - TITLE STATEMENT
Title বাংলা ভাষার উপনিবেশায়ন ও রবীন্দ্রনাথ /
Statement of responsibility, etc. মোহাম্মদ আজম
260 ## - PUBLICATION, DISTRIBUTION, ETC. (IMPRINT)
Place of publication, distribution, etc. ঢাকা :
Name of publisher, distributor, etc. আদশ,
Date of publication, distribution, etc. ২০১৪
300 ## - PHYSICAL DESCRIPTION
Pagination ৫১১ পৃ. ;
Size ২১ সেমি.
500 ## - GENERAL NOTE
General note নিঘন্ট
600 ## - SUBJECT ADDED ENTRY--PERSONAL NAME
Personal name Tagore, Rabindranath,
Titles and other words associated with a name 1861-1941
650 ## - SUBJECT ADDED ENTRY--TOPICAL TERM
Topical term or geographic name as entry element Authors, Bengali
General subdivision Political and social views
9 (RLIN) 124039
Topical term or geographic name as entry element লেখক, বাঙালি
General subdivision রাজনৈতিক এবং সামাজিক মতামত
9 (RLIN) 124050
942 ## - ADDED ENTRY ELEMENTS (KOHA)
Source of classification or shelving scheme Dewey Decimal Classification
Koha item type Books
Holdings
Lost status Source of classification or shelving scheme Damaged status Not for loan Collection code Permanent Location Current Location Shelving location Date acquired Source of acquisition Cost, normal purchase price Total Checkouts Full call number Date last seen Copy number Koha item type Date checked out
  Dewey Decimal Classification   Not For Loan Non-fiction Central Library, University of Rajshahi Central Library, University of Rajshahi Reading Room 12/12/2015 Biddasagar,Rajshahi 800.00   B 891.448409 AZB 2014 23/04/2016 C-1 Books  
  Dewey Decimal Classification     Non-fiction Central Library, University of Rajshahi Central Library, University of Rajshahi   12/12/2015 Biddasagar,Rajshahi 800.00 3 B 891.448409 AZB 2014 15/04/2026 C-2 Books 02/04/2026
  Dewey Decimal Classification     Non-fiction Central Library, University of Rajshahi Central Library, University of Rajshahi   12/12/2015 Biddasagar,Rajshahi 800.00 2 B 891.448409 AZB 2014 25/03/2017 C-3 Books 22/03/2017